000 00405cam a22001217a 4500
008 180718b1965 xxu||||| |||| 00| 0 eng d
082 _aA81x54 In2/61/8/Pt2C/1
100 _aCensus of India 1961
245 _aMadhya Pradesh: social and cultural tables
260 _aDelhi
_bThe Manager of Publications
_c1965
300 _a533+p.
440 _aCensus of India 1961. Volume VIII, Madhya Pradesh. Part II-C (i)
999 _c484667
_d484667